[Event "Porto Alegre Oncolinos op"]
[Site "Porto Alegre"]
[Date "2013.11.16"]
[Round "4"]
[White "Delgado Ramirez, Neuris"]
[Black "Menna Barreto, Felipe Kubiaki"]
[Result "1/2-1/2"]
[WhiteElo "2598"]
[BlackElo "2270"]
[PlyCount "57"]
[EventDate "2013.11.14"]
[EventType "swiss"]
[EventRounds "7"]
[EventCountry "BRA"]
[SourceTitle "EXT 2015"]
[Source "ChessBase"]
[SourceDate "2014.11.20"]
[SourceVersion "1"]
[SourceVersionDate "2014.11.20"]
[SourceQuality "1"]

1. e4 e6 2. d4 d5 3. Nd2 dxe4 4. Nxe4 Bd7 5. c4 Bc6 6. Nc3 Nf6 7. Be3 Be7 8.
Nf3 O-O 9. Ne5 Be8 10. Qf3 Qc8 11. Bd3 c5 12. Qh3 Nc6 13. Nxc6 Bxc6 14. dxc5
Rd8 15. O-O-O b6 16. Rhe1 bxc5 17. g4 g6 18. Bg5 Rd4 19. Ne2 Rd7 20. Bc2 Rxd1+
21. Rxd1 Qb7 22. Qh4 Bf3 23. Bd3 Kg7 24. Rd2 Rd8 25. Nf4 Rd4 26. Bh6+ Kg8 27.
Bg5 Kg7 28. Bh6+ Kg8 29. Bg5 1/2-1/2

[Event "Porto Alegre Oncolinos op"]
[Site "Porto Alegre"]
[Date "2013.11.16"]
[Round "5"]
[White "Queiroz, Alberto Becker"]
[Black "Delgado Ramirez, Neuris"]
[Result "0-1"]
[WhiteElo "2081"]
[BlackElo "2598"]
[PlyCount "56"]
[EventDate "2013.11.14"]
[EventType "swiss"]
[EventRounds "7"]
[EventCountry "BRA"]
[SourceTitle "EXT 2015"]
[Source "ChessBase"]
[SourceDate "2014.11.20"]
[SourceVersion "1"]
[SourceVersionDate "2014.11.20"]
[SourceQuality "1"]

1. e4 c5 2. Nf3 d6 3. c3 Nf6 4. h3 Nc6 5. Bd3 d5 6. e5 c4 7. Bc2 Nd7 8. Qe2 Qc7
9. e6 fxe6 10. Ng5 Nf6 11. Nxe6 Qd6 12. Nxf8 Rxf8 13. d4 cxd3 14. Bxd3 Bd7 15.
Bg5 O-O-O 16. Na3 Ne4 17. Bxe4 dxe4 18. Nb5 Qg6 19. Be3 Ne5 20. Nxa7+ Kb8 21.
a4 Nd3+ 22. Kf1 Rxf2+ 23. Bxf2 Rf8 24. Nb5 Qg3 25. Kg1 Rxf2 26. Qxe4 Bc6 27.
Qg4 Rxg2+ 28. Kf1 Qf2# 0-1

[Event "Porto Alegre Oncolinos op"]
[Site "Porto Alegre"]
[Date "2013.11.17"]
[Round "6"]
[White "Delgado Ramirez, Neuris"]
[Black "Mekhitarian, Krikor Sevag"]
[Result "0-1"]
[WhiteElo "2598"]
[BlackElo "2557"]
[PlyCount "98"]
[EventDate "2013.11.14"]
[EventType "swiss"]
[EventRounds "7"]
[EventCountry "BRA"]
[SourceTitle "EXT 2015"]
[Source "ChessBase"]
[SourceDate "2014.11.20"]
[SourceVersion "1"]
[SourceVersionDate "2014.11.20"]
[SourceQuality "1"]

1. b3 d5 2. Bb2 c5 3. e3 a6 4. Nf3 Nc6 5. d4 Nf6 6. Be2 e6 7. O-O Be7 8. c4 O-O
9. Nbd2 cxd4 10. Nxd4 Bd7 11. cxd5 Nxd5 12. Bf3 Nxd4 13. Bxd5 Bc6 14. Be4 Bxe4
15. Nxe4 Nf5 16. Qg4 Qb6 17. Nf6+ Bxf6 18. Bxf6 Kh8 19. e4 gxf6 20. exf5 e5 21.
Rfd1 Rad8 22. g3 Rd4 23. Rxd4 exd4 24. Rd1 Rd8 25. Qe4 Kg7 26. g4 Qd6 27. Rd3
b5 28. Kg2 h6 29. h4 a5 30. f4 Qc5 31. g5 Qc2+ 32. Kh3 hxg5 33. fxg5 Qc1 34.
Rg3 Qf1+ 35. Kh2 d3 36. gxf6+ Kh8 37. Qe3 Qe2+ 38. Qxe2 dxe2 39. Re3 Rd2 40.
Kg1 Rxa2 41. Kf2 a4 42. bxa4 bxa4 43. Re8+ Kh7 44. Re7 a3 45. Rxf7+ Kg8 46.
Rg7+ Kf8 47. h5 Rb2 48. h6 e1=Q+ 49. Kxe1 a2 0-1

[Event "Porto Alegre Oncolinos op"]
[Site "Porto Alegre"]
[Date "2013.11.17"]
[Round "7"]
[White "Matsuura, Everaldo"]
[Black "Delgado Ramirez, Neuris"]
[Result "1/2-1/2"]
[WhiteElo "2472"]
[BlackElo "2598"]
[PlyCount "54"]
[EventDate "2013.11.14"]
[EventType "swiss"]
[EventRounds "7"]
[EventCountry "BRA"]
[SourceTitle "EXT 2015"]
[Source "ChessBase"]
[SourceDate "2014.11.20"]
[SourceVersion "1"]
[SourceVersionDate "2014.11.20"]
[SourceQuality "1"]

1. d4 Nf6 2. c4 e6 3. Nc3 Bb4 4. e3 O-O 5. Nge2 d5 6. a3 Bd6 7. Nf4 Bxf4 8.
exf4 b6 9. Be2 Ba6 10. cxd5 Bxe2 11. Qxe2 Nxd5 12. O-O Nc6 13. Rd1 Na5 14. Qc2
Rc8 15. Ne4 Qd7 16. Ng5 Nf6 17. b4 Qc6 18. Qd3 Nc4 19. f5 exf5 20. d5 Qa4 21.
Re1 Qb5 22. Qxf5 Qxd5 23. Qc2 h6 24. Nf3 Rfe8 25. Rd1 Qe4 26. Qc3 Rcd8 27. Bxh6
Rxd1+ 1/2-1/2

[Event "PAR-ch"]
[Site "Asuncion"]
[Date "2013.11.18"]
[Round "1"]
[White "Delgado Ramirez, Neuris"]
[Black "Kropff, Ricardo"]
[Result "1-0"]
[WhiteElo "2598"]
[BlackElo "2215"]
[PlyCount "31"]
[EventDate "2013.11.18"]
[EventType "tourn"]
[EventRounds "11"]
[EventCountry "PAR"]
[EventCategory "1"]
[SourceTitle "CBM 157 Extra"]
[Source "ChessBase"]
[SourceDate "2013.12.19"]
[SourceVersion "1"]
[SourceVersionDate "2013.12.19"]
[SourceQuality "1"]

1. e4 e5 2. Nf3 Nf6 3. Nc3 Bb4 4. Nxe5 Qe7 5. Nd3 Bxc3 6. dxc3 Qxe4+ 7. Be2 O-O
8. O-O d5 9. Re1 Qf5 10. Bf4 c6 11. f3 h5 12. Bf1 Nbd7 13. Qd2 b6 14. Nb4 Nc5
15. Nxc6 Qd7 16. Bb5 1-0

[Event "PAR-ch"]
[Site "Asuncion"]
[Date "2013.11.19"]
[Round "2"]
[White "Vazquez, Guillermo"]
[Black "Delgado Ramirez, Neuris"]
[Result "0-1"]
[WhiteElo "2345"]
[BlackElo "2598"]
[PlyCount "150"]
[EventDate "2013.11.18"]
[EventType "tourn"]
[EventRounds "11"]
[EventCountry "PAR"]
[EventCategory "1"]
[SourceTitle "CBM 157 Extra"]
[Source "ChessBase"]
[SourceDate "2013.12.19"]
[SourceVersion "1"]
[SourceVersionDate "2013.12.19"]
[SourceQuality "1"]

1. e4 c5 2. Nc3 a6 3. g3 d6 4. Bg2 Nc6 5. Nge2 Nf6 6. d4 cxd4 7. Nxd4 Nxd4 8.
Qxd4 e5 9. Qd3 h6 10. O-O Be7 11. a4 Be6 12. a5 Qc8 13. b3 O-O 14. Na4 Nd7 15.
c4 Bd8 16. Bd2 Bc7 17. Nc3 Nc5 18. Qc2 b6 19. axb6 Bxb6 20. Be3 Nd7 21. Bxb6
Nxb6 22. Rfd1 Qc7 23. Rd3 Rfb8 24. Rad1 Nc8 25. R1d2 Rb7 26. Bf3 Rab8 27. Na4
Bd7 28. Nb2 Be6 29. Bd1 Qc6 30. f3 f5 31. Rc3 Ne7 32. Qd3 Rd7 33. Bc2 Rf8 34.
Na4 Qb7 35. Qe3 f4 36. Qb6 Qa8 37. Qf2 fxg3 38. hxg3 Qe8 39. Nb6 Rd8 40. Nd5
Nc6 41. b4 Nd4 42. c5 Qf7 43. Rxd4 exd4 44. Qxd4 dxc5 45. bxc5 Kh8 46. c6 Rc8
47. c7 Rfe8 48. Qc5 Qg6 49. Qd6 Qg5 50. Qf4 Qh5 51. Nb6 Rf8 52. Qe3 Rxc7 53.
Rxc7 Rxf3 54. Qe1 Qe5 55. Kg2 Qxc7 56. Kxf3 Qxc2 57. Qa5 Qd3+ 58. Kf4 Qf1+ 59.
Ke3 Qg2 60. Qe1 a5 61. Qxa5 Qxg3+ 62. Kd4 Qf2+ 63. Kd3 Qf3+ 64. Kd4 h5 65. Nd5
Qf2+ 66. Ke5 Bg4 67. Qd8+ Kh7 68. Qg5 Qf7 69. Kd4 Qg6 70. Qd8 Qh6 71. Qh4 Qd2+
72. Ke5 Qb2+ 73. Kf4 g5+ 74. Qxg5 Qd2+ 75. Ne3 Qh2# 0-1

[Event "PAR-ch"]
[Site "Asuncion"]
[Date "2013.11.20"]
[Round "3"]
[White "Delgado Ramirez, Neuris"]
[Black "Butti, Enrique"]
[Result "1-0"]
[WhiteElo "2598"]
[BlackElo "2060"]
[PlyCount "49"]
[EventDate "2013.11.18"]
[EventType "tourn"]
[EventRounds "11"]
[EventCountry "PAR"]
[EventCategory "1"]
[SourceTitle "CBM 157 Extra"]
[Source "ChessBase"]
[SourceDate "2013.12.19"]
[SourceVersion "1"]
[SourceVersionDate "2013.12.19"]
[SourceQuality "1"]

1. e4 e6 2. d4 d5 3. Nd2 dxe4 4. Nxe4 Bd7 5. c4 Bc6 6. Nc3 Nf6 7. Be3 Bb4 8.
Qb3 a5 9. a3 Bxc3+ 10. Qxc3 a4 11. O-O-O O-O 12. Nf3 Nbd7 13. Bd3 Qb8 14. h4 b5
15. d5 exd5 16. Nd4 Ne5 17. Nf5 Re8 18. Bf4 Nxd3+ 19. Rxd3 Re4 20. Rd4 Qe8 21.
f3 Rxd4 22. Qxd4 Bd7 23. Nxg7 Kxg7 24. Bh6+ Kg6 25. Qf4 1-0

[Event "PAR-ch"]
[Site "Asuncion"]
[Date "2013.11.21"]
[Round "4"]
[White "Figari, Esteban"]
[Black "Delgado Ramirez, Neuris"]
[Result "0-1"]
[WhiteElo "2037"]
[BlackElo "2598"]
[PlyCount "84"]
[EventDate "2013.11.18"]
[EventType "tourn"]
[EventRounds "11"]
[EventCountry "PAR"]
[EventCategory "1"]
[SourceTitle "CBM 157 Extra"]
[Source "ChessBase"]
[SourceDate "2013.12.19"]
[SourceVersion "1"]
[SourceVersionDate "2013.12.19"]
[SourceQuality "1"]

1. e4 c5 2. Nc3 Nc6 3. g3 g6 4. Bg2 Bg7 5. Nge2 e6 6. f4 d6 7. h3 Nge7 8. O-O
O-O 9. d3 Rb8 10. Be3 b5 11. Qe1 b4 12. Nd1 a5 13. g4 f5 14. Ng3 Bd7 15. Rf2 a4
16. Rc1 Kh8 17. c3 bxc3 18. bxc3 a3 19. Bf3 Qa5 20. Rg2 Nd4 21. Qf1 Nxf3+ 22.
Qxf3 d5 23. Qf2 Rbc8 24. exf5 exf5 25. Ne2 d4 26. cxd4 Nd5 27. Rxc5 Rxc5 28.
dxc5 fxg4 29. hxg4 Nxe3 30. Nxe3 Qxc5 31. Nc4 Qd5 32. Qg3 Bc6 33. Rh2 Rb8 34.
Qh3 h6 35. Ne5 Kg8 36. Qe3 Qe6 37. g5 hxg5 38. Qh3 Qxh3 39. Rxh3 Rb2 40. Kf2
Bd5 41. Nxg6 Bxa2 42. Ke3 Bf7 0-1

[Event "PAR-ch"]
[Site "Asuncion"]
[Date "2013.11.22"]
[Round "5"]
[White "Delgado Ramirez, Neuris"]
[Black "Bachmann, Axel"]
[Result "0-1"]
[WhiteElo "2598"]
[BlackElo "2545"]
[PlyCount "62"]
[EventDate "2013.11.18"]
[EventType "tourn"]
[EventRounds "11"]
[EventCountry "PAR"]
[EventCategory "1"]
[SourceTitle "CBM 157 Extra"]
[Source "ChessBase"]
[SourceDate "2013.12.19"]
[SourceVersion "1"]
[SourceVersionDate "2013.12.19"]
[SourceQuality "1"]

1. e4 e5 2. Nf3 Nc6 3. Bb5 a6 4. Ba4 Nf6 5. Bxc6 dxc6 6. d3 Bd6 7. Nbd2 Nd7 8.
Nc4 c5 9. a3 O-O 10. Bd2 Re8 11. b4 b5 12. Ne3 cxb4 13. axb4 c5 14. bxc5 Bxc5
15. Ba5 Nb6 16. O-O Qd6 17. Qd2 Be6 18. Ng5 Bd7 19. Nf3 Be6 20. Rfb1 f6 21. c3
Bxe3 22. Qxe3 Na4 23. c4 Qc6 24. cxb5 axb5 25. Bb4 Nc3 26. Rxa8 Rxa8 27. Bxc3
Qxc3 28. Qd2 Ra3 29. Qxc3 Rxc3 30. Kf1 Rxd3 31. Rxb5 Bc4 0-1

[Event "PAR-ch"]
[Site "Asuncion"]
[Date "2013.11.23"]
[Round "6"]
[White "Cubas, Jose Fernando"]
[Black "Delgado Ramirez, Neuris"]
[Result "1/2-1/2"]
[WhiteElo "2486"]
[BlackElo "2598"]
[PlyCount "98"]
[EventDate "2013.11.18"]
[EventType "tourn"]
[EventRounds "11"]
[EventCountry "PAR"]
[EventCategory "1"]
[SourceTitle "CBM 157 Extra"]
[Source "ChessBase"]
[SourceDate "2013.12.19"]
[SourceVersion "1"]
[SourceVersionDate "2013.12.19"]
[SourceQuality "1"]

1. e4 c5 2. Nf3 Nc6 3. d4 cxd4 4. Nxd4 g6 5. Be2 Bg7 6. Nb3 Nf6 7. Nc3 d6 8.
O-O O-O 9. Bg5 Be6 10. Kh1 a5 11. a4 Rc8 12. f4 Nb4 13. f5 Bc4 14. Bxc4 Rxc4
15. Qe2 Rc8 16. Rad1 Qc7 17. fxg6 hxg6 18. Rd2 b6 19. Nb5 Qc4 20. Bxf6 Bxf6 21.
Qxc4 Rxc4 22. Nxd6 Rxc2 23. Rxc2 Nxc2 24. Nc4 Rd8 25. h3 Bg5 26. Rf3 Rd1+ 27.
Kh2 Nd4 28. Nxd4 Rxd4 29. b3 Rxe4 30. Nxb6 e5 31. Rf1 Bf4+ 32. Kh1 Bd2 33. Rd1
Re2 34. Nd5 Bg5 35. b4 axb4 36. Nxb4 e4 37. a5 Rb2 38. Nd5 e3 39. a6 Ra2 40.
Re1 e2 41. Nc3 Rxa6 42. Rxe2 Bf4 43. Ra2 Rd6 44. Kg1 Bg3 45. Ra1 Re6 46. Kf1
Rf6+ 47. Kg1 Re6 48. Kf1 Rf6+ 49. Kg1 Re6 1/2-1/2

[Event "PAR-ch"]
[Site "Asuncion"]
[Date "2013.11.24"]
[Round "7"]
[White "Delgado Ramirez, Neuris"]
[Black "Latorre Lopez Moreira, Luis Matias"]
[Result "1-0"]
[WhiteElo "2598"]
[BlackElo "2250"]
[PlyCount "91"]
[EventDate "2013.11.18"]
[EventType "tourn"]
[EventRounds "11"]
[EventCountry "PAR"]
[EventCategory "1"]
[SourceTitle "CBM 157 Extra"]
[Source "ChessBase"]
[SourceDate "2013.12.19"]
[SourceVersion "1"]
[SourceVersionDate "2013.12.19"]
[SourceQuality "1"]

1. e4 e5 2. Nf3 Nf6 3. Nxe5 d6 4. Nf3 Nxe4 5. d4 d5 6. Bd3 Be7 7. O-O Nc6 8.
Re1 Bg4 9. c3 f5 10. Nbd2 O-O 11. Qb3 Na5 12. Qc2 a6 13. Ne5 Bh4 14. Rf1 Bh5
15. f3 Nd6 16. b4 Nc6 17. Nxc6 bxc6 18. g3 Be7 19. Nb3 Qc8 20. Bf4 Nb7 21. a4
a5 22. Bd2 Be8 23. bxa5 c5 24. c4 dxc4 25. Bxc4+ Kh8 26. d5 c6 27. Rae1 Bd8 28.
d6 Nxd6 29. Be6 Qb8 30. Qxc5 Bc7 31. Bc3 Bf7 32. Qd4 Qa7 33. Qxa7 Rxa7 34. Bxf7
Rxf7 35. Bd4 Ra8 36. Bb6 Nc4 37. Bxc7 Rxc7 38. a6 Kg8 39. Nc5 Kf7 40. Rb1 Raa7
41. Rb7 Nd6 42. Rfb1 Kf6 43. Rxc7 Rxc7 44. Rb7 Rc8 45. Nd7+ Ke6 46. Nb6 1-0

[Event "PAR-ch"]
[Site "Asuncion"]
[Date "2013.11.25"]
[Round "8"]
[White "Delgado Ramirez, Neuris"]
[Black "Valiente, Cristobal"]
[Result "1-0"]
[WhiteElo "2598"]
[BlackElo "2225"]
[PlyCount "83"]
[EventDate "2013.11.18"]
[EventType "tourn"]
[EventRounds "11"]
[EventCountry "PAR"]
[EventCategory "1"]
[SourceTitle "CBM 157 Extra"]
[Source "ChessBase"]
[SourceDate "2013.12.19"]
[SourceVersion "1"]
[SourceVersionDate "2013.12.19"]
[SourceQuality "1"]

1. e4 Nf6 2. e5 Nd5 3. d4 d6 4. c4 Nb6 5. exd6 exd6 6. h3 Be7 7. Bd3 Nc6 8. Ne2
O-O 9. Nbc3 Bf6 10. b3 Re8 11. O-O g6 12. Be3 Bg7 13. Qd2 Ne7 14. Bg5 f6 15.
Bf4 Bf5 16. d5 Bxd3 17. Qxd3 Nd7 18. Nd4 Nc5 19. Qd2 a5 20. Rae1 Qd7 21. Ne4
Nxe4 22. Rxe4 g5 23. Bh2 f5 24. Re6 f4 25. h4 Bxd4 26. Qxd4 Nf5 27. Qf6 Nxh4
28. Qxg5+ Ng6 29. Rfe1 Rxe6 30. dxe6 Re8 31. Qg4 Qg7 32. Bxf4 Nf8 33. Qf5 Qg6
34. Qxa5 Nxe6 35. Qd5 Kf8 36. Bd2 b6 37. Re3 Re7 38. a4 Ke8 39. b4 Kd8 40. Rg3
Qf7 41. b5 Qf6 42. Rg8+ 1-0

[Event "PAR-ch"]
[Site "Asuncion"]
[Date "2013.11.26"]
[Round "9"]
[White "Latorre, Manuel"]
[Black "Delgado Ramirez, Neuris"]
[Result "1/2-1/2"]
[WhiteElo "2308"]
[BlackElo "2598"]
[PlyCount "23"]
[EventDate "2013.11.18"]
[EventType "tourn"]
[EventRounds "11"]
[EventCountry "PAR"]
[EventCategory "1"]
[SourceTitle "CBM 157 Extra"]
[Source "ChessBase"]
[SourceDate "2013.12.19"]
[SourceVersion "1"]
[SourceVersionDate "2013.12.19"]
[SourceQuality "1"]

1. d4 Nf6 2. Nf3 e6 3. c4 Bb4+ 4. Bd2 Qe7 5. g3 Nc6 6. Nc3 d5 7. Bg2 O-O 8. O-O
dxc4 9. a3 Bxc3 10. Bxc3 Nd5 11. Qa4 Nb6 12. Qc2 1/2-1/2

[Event "PAR-ch"]
[Site "Asuncion"]
[Date "2013.11.27"]
[Round "10"]
[White "Delgado Ramirez, Neuris"]
[Black "Goiriz, Yahari Damian"]
[Result "1-0"]
[WhiteElo "2598"]
[BlackElo "2090"]
[PlyCount "49"]
[EventDate "2013.11.18"]
[EventType "tourn"]
[EventRounds "11"]
[EventCountry "PAR"]
[EventCategory "1"]
[SourceTitle "CBM 157 Extra"]
[Source "ChessBase"]
[SourceDate "2013.12.19"]
[SourceVersion "1"]
[SourceVersionDate "2013.12.19"]
[SourceQuality "1"]

1. e4 c6 2. d4 d5 3. e5 Bf5 4. h4 h5 5. Bg5 Qb6 6. Bd3 Bxd3 7. Qxd3 e6 8. Nd2
Ne7 9. Ngf3 Nd7 10. O-O c5 11. c4 Qa6 12. b3 Nc6 13. Qb1 dxc4 14. d5 Ncxe5 15.
Re1 c3 16. Nc4 Nxf3+ 17. gxf3 Nf6 18. dxe6 O-O-O 19. e7 Bxe7 20. Rxe7 b5 21.
Qf5+ Kb8 22. Qf4+ Ka8 23. Bxf6 gxf6 24. Qe4+ Kb8 25. Na5 1-0

[Event "PAR-ch"]
[Site "Asuncion"]
[Date "2013.11.28"]
[Round "11"]
[White "Bergonzi, Osvaldo"]
[Black "Delgado Ramirez, Neuris"]
[Result "0-1"]
[WhiteElo "2064"]
[BlackElo "2598"]
[PlyCount "126"]
[EventDate "2013.11.18"]
[EventType "tourn"]
[EventRounds "11"]
[EventCountry "PAR"]
[EventCategory "1"]
[SourceTitle "CBM 157 Extra"]
[Source "ChessBase"]
[SourceDate "2013.12.19"]
[SourceVersion "1"]
[SourceVersionDate "2013.12.19"]
[SourceQuality "1"]

1. e4 c5 2. Nf3 d6 3. g3 Nf6 4. d3 Nc6 5. Bg2 Bg4 6. h3 Bxf3 7. Qxf3 g6 8. a4
Bg7 9. O-O O-O 10. c3 Nd7 11. Be3 a6 12. Na3 Rb8 13. Qe2 Qc7 14. Rfc1 b5 15.
axb5 axb5 16. Ra2 Rfc8 17. Qd1 b4 18. Nc4 Nb6 19. Nxb6 Qxb6 20. Qa4 Ne5 21. Bf1
Qd8 22. Qd1 Nd7 23. d4 cxd4 24. cxd4 Rxc1 25. Qxc1 Nf6 26. Bd3 h5 27. Ra7 Rc8
28. Qa1 Qf8 29. Qa6 Rb8 30. Qc6 Nh7 31. f4 e6 32. Rd7 Rd8 33. Rb7 Rb8 34. Rc7
Bf6 35. e5 Bd8 36. exd6 Nf6 37. d5 Nxd5 38. Bc5 h4 39. g4 Nxf4 40. d7 Qg7 41.
Rc8 Qe5 42. Rxb8 Qxb8 43. Qc8 Qc7 44. Qxc7 Bxc7 45. Bf1 Nd5 46. Bg2 Bd8 47.
Bxd5 exd5 48. Kf2 f6 49. Ke3 Kf7 50. Bxb4 Ke6 51. Kd4 Bb6+ 52. Bc5 Bc7 53. b4
Be5+ 54. Kd3 Kxd7 55. b5 Ke6 56. Bf2 g5 57. Ba7 Bh2 58. Be3 Bb8 59. Kc3 f5 60.
gxf5+ Kxf5 61. b6 g4 62. hxg4+ Kxg4 63. Kd4 Kf3 0-1

[Event "Asuncion ABC Color 2nd"]
[Site "Asuncion"]
[Date "2014.01.25"]
[Round "1"]
[White "Delgado Ramirez, Neuris"]
[Black "Gomez Benitez, Pedro"]
[Result "1-0"]
[WhiteElo "2589"]
[BlackElo "2058"]
[PlyCount "33"]
[EventDate "2014.01.25"]
[EventType "tourn"]
[EventRounds "9"]
[EventCountry "PAR"]
[SourceTitle "CBM 158 Extra"]
[Source "ChessBase"]
[SourceDate "2014.02.28"]
[SourceVersion "1"]
[SourceVersionDate "2014.02.28"]
[SourceQuality "1"]

1. e4 c6 2. d4 d5 3. e5 Bf5 4. h4 h5 5. Bg5 Qb6 6. Bd3 Bxd3 7. Qxd3 e6 8. Nd2
Nd7 9. Ngf3 Ne7 10. c4 Qa6 11. b3 O-O-O 12. O-O Kb8 13. Qc2 dxc4 14. bxc4 Nb6
15. Rab1 Rd7 16. c5 Qa4 17. Rb3 1-0

[Event "Asuncion ABC Color 2nd"]
[Site "Asuncion"]
[Date "2014.01.26"]
[Round "2"]
[White "Valiente, Cristobal"]
[Black "Delgado Ramirez, Neuris"]
[Result "0-1"]
[WhiteElo "2240"]
[BlackElo "2589"]
[PlyCount "76"]
[EventDate "2014.01.25"]
[EventType "tourn"]
[EventRounds "9"]
[EventCountry "PAR"]
[SourceTitle "CBM 158 Extra"]
[Source "ChessBase"]
[SourceDate "2014.02.28"]
[SourceVersion "1"]
[SourceVersionDate "2014.02.28"]
[SourceQuality "1"]

1. d4 e6 2. Nf3 Nf6 3. e3 c5 4. Bd3 b6 5. O-O cxd4 6. exd4 Bb7 7. b3 Be7 8. Bb2
O-O 9. Nbd2 d6 10. c4 Nbd7 11. Qe2 Re8 12. Rfe1 a6 13. a3 Qc7 14. Qf1 Bf8 15.
Rad1 g6 16. Ng5 Bg7 17. Bb1 d5 18. Ngf3 dxc4 19. bxc4 Rad8 20. Qe2 b5 21. cxb5
axb5 22. Qxb5 Rb8 23. Qe2 Bc6 24. Ba1 Nd5 25. Rc1 Qb7 26. Ne4 Bb5 27. Qd2 Qa6
28. Ne5 Qxa3 29. Ba2 Nb4 30. Bc4 Nxe5 31. Bxb5 Red8 32. Bb2 Qa7 33. Qe2 Ned3
34. Bxd3 Nxd3 35. Qxd3 Rxb2 36. Qf3 Bxd4 37. Qf4 f5 38. Rc7 Qa5 0-1

[Event "Asuncion ABC Color 2nd"]
[Site "Asuncion"]
[Date "2014.01.26"]
[Round "3"]
[White "Delgado Ramirez, Neuris"]
[Black "Peralta, Eduardo"]
[Result "1-0"]
[WhiteElo "2589"]
[BlackElo "2211"]
[PlyCount "87"]
[EventDate "2014.01.25"]
[EventType "tourn"]
[EventRounds "9"]
[EventCountry "PAR"]
[SourceTitle "CBM 158 Extra"]
[Source "ChessBase"]
[SourceDate "2014.02.28"]
[SourceVersion "1"]
[SourceVersionDate "2014.02.28"]
[SourceQuality "1"]

1. e4 c5 2. Nf3 Nc6 3. Bb5 d6 4. O-O Bd7 5. Re1 Nf6 6. h3 a6 7. Bf1 g6 8. c3
Bg7 9. d4 O-O 10. dxc5 dxc5 11. Bf4 Be6 12. Qc2 h6 13. Nbd2 b5 14. Nb3 Nd7 15.
Be3 Qb6 16. Nxc5 Nxc5 17. b4 Rfc8 18. Bxc5 Qb7 19. Qd2 a5 20. a3 axb4 21. axb4
Ra4 22. Nd4 Nxd4 23. cxd4 Rxa1 24. Rxa1 Qxe4 25. Bxb5 Rd8 26. Rd1 Bd5 27. Bf1
e6 28. Qe3 Qc2 29. Rc1 Qa2 30. b5 Rc8 31. b6 Kh7 32. Qc3 h5 33. h4 Bf6 34. g3
Qa4 35. Rb1 Bb7 36. Bg2 Qa8 37. Bxb7 Qxb7 38. Qe3 Ra8 39. Qf4 Kg7 40. Bd6 Ra5
41. Bc5 Ra2 42. d5 e5 43. Bf8+ Kxf8 44. Qxf6 1-0

[Event "Asuncion ABC Color 2nd"]
[Site "Asuncion"]
[Date "2014.01.27"]
[Round "4"]
[White "Kropff, Ricardo"]
[Black "Delgado Ramirez, Neuris"]
[Result "0-1"]
[WhiteElo "2218"]
[BlackElo "2589"]
[PlyCount "78"]
[EventDate "2014.01.25"]
[EventType "tourn"]
[EventRounds "9"]
[EventCountry "PAR"]
[SourceTitle "CBM 158 Extra"]
[Source "ChessBase"]
[SourceDate "2014.02.28"]
[SourceVersion "1"]
[SourceVersionDate "2014.02.28"]
[SourceQuality "1"]

1. d4 Nf6 2. Nf3 e6 3. c4 b6 4. g3 Ba6 5. Nbd2 Bb4 6. Qc2 Bb7 7. Bg2 Be4 8. Qb3
Bxd2+ 9. Bxd2 O-O 10. O-O d6 11. Rfd1 Nbd7 12. Qe3 a5 13. Bc3 Re8 14. Bf1 c6
15. Nd2 Bg6 16. Bg2 d5 17. Qf4 b5 18. cxb5 cxb5 19. Nf3 b4 20. Be1 Bc2 21. Rdc1
Rc8 22. b3 Qb6 23. Bd2 h6 24. Qe3 Bg6 25. Ne5 Nxe5 26. dxe5 d4 27. Qf4 Nd5 28.
Bxd5 exd5 29. Rxc8 Rxc8 30. Rc1 Rc3 31. Bxc3 bxc3 32. Re1 Qc5 33. g4 d3 34.
exd3 Bxd3 35. g5 h5 36. e6 fxe6 37. Rxe6 c2 38. Re1 Bg6 39. Rc1 d4 0-1

[Event "Asuncion ABC Color 2nd"]
[Site "Asuncion"]
[Date "2014.01.28"]
[Round "5"]
[White "Delgado Ramirez, Neuris"]
[Black "Jimenez, Joaquin Rodrigo"]
[Result "1-0"]
[WhiteElo "2589"]
[BlackElo "2190"]
[PlyCount "67"]
[EventDate "2014.01.25"]
[EventType "tourn"]
[EventRounds "9"]
[EventCountry "PAR"]
[SourceTitle "CBM 158 Extra"]
[Source "ChessBase"]
[SourceDate "2014.02.28"]
[SourceVersion "1"]
[SourceVersionDate "2014.02.28"]
[SourceQuality "1"]

1. d4 g6 2. e4 Bg7 3. Nc3 d6 4. Bg5 c5 5. dxc5 Qa5 6. Qd2 Bxc3 7. bxc3 dxc5 8.
Bc4 Nc6 9. Nf3 Bg4 10. O-O Bxf3 11. gxf3 Ne5 12. Be2 Nf6 13. Rab1 Qc7 14. Bb5+
Nfd7 15. Qe3 a6 16. Be2 h6 17. Bh4 g5 18. Bg3 Qc6 19. f4 gxf4 20. Qxf4 O-O-O
21. Rfd1 f6 22. Rd5 Kb8 23. Rbd1 Ka7 24. Qe3 h5 25. h4 Rhg8 26. Kh2 Rg4 27. f3
Rxg3 28. Kxg3 f5 29. f4 Qg6+ 30. Kh2 Ng4+ 31. Bxg4 hxg4 32. Rxd7 Rxd7 33. Rxd7
g3+ 34. Kg1 1-0

[Event "Asuncion ABC Color 2nd"]
[Site "Asuncion"]
[Date "2014.01.29"]
[Round "6"]
[White "Almiron, Antonio"]
[Black "Delgado Ramirez, Neuris"]
[Result "0-1"]
[WhiteElo "2221"]
[BlackElo "2589"]
[PlyCount "34"]
[EventDate "2014.01.25"]
[EventType "tourn"]
[EventRounds "9"]
[EventCountry "PAR"]
[SourceTitle "CBM 158 Extra"]
[Source "ChessBase"]
[SourceDate "2014.02.28"]
[SourceVersion "1"]
[SourceVersionDate "2014.02.28"]
[SourceQuality "1"]

1. c4 Nf6 2. Nc3 e6 3. e4 d5 4. e5 d4 5. exf6 dxc3 6. bxc3 Qxf6 7. Nf3 b6 8. d4
h6 9. h4 Nd7 10. Bg5 Qf5 11. Bd3 Qg4 12. Qa4 Bd6 13. c5 bxc5 14. Rb1 O-O 15.
Ke2 Ne5 16. Bc2 Bd7 17. Qb3 c4 0-1

[Event "Asuncion ABC Color 2nd"]
[Site "Asuncion"]
[Date "2014.01.30"]
[Round "7"]
[White "Delgado Ramirez, Neuris"]
[Black "Zacarias, M Ruben D"]
[Result "1-0"]
[WhiteElo "2589"]
[BlackElo "2173"]
[PlyCount "99"]
[EventDate "2014.01.25"]
[EventType "tourn"]
[EventRounds "9"]
[EventCountry "PAR"]
[SourceTitle "CBM 158 Extra"]
[Source "ChessBase"]
[SourceDate "2014.02.28"]
[SourceVersion "1"]
[SourceVersionDate "2014.02.28"]
[SourceQuality "1"]

1. e4 e6 2. d4 d5 3. Nd2 Nf6 4. e5 Nfd7 5. f4 c5 6. Ngf3 Nc6 7. Nb3 cxd4 8.
Nbxd4 Nxd4 9. Nxd4 Nc5 10. Be3 Be7 11. Be2 O-O 12. O-O Bd7 13. c3 Rc8 14. Bf3
a6 15. f5 Re8 16. f6 gxf6 17. Bh5 f5 18. Qf3 Ne4 19. g4 Bg5 20. gxf5 exf5 21.
Bxg5 Qxg5+ 22. Kh1 Nd2 23. Bxf7+ Kh8 24. Bxe8 Nxf3 25. Nxf3 Qg7 26. Bxd7 Qxd7
27. Nd4 Rg8 28. Rae1 Qg7 29. Rg1 Qh6 30. Rxg8+ Kxg8 31. e6 Kf8 32. Nxf5 Qf6 33.
Rf1 Qe5 34. Nd4+ Ke8 35. Rf7 Qe4+ 36. Rf3 Qb1+ 37. Kg2 Qxb2+ 38. Kg3 Qc1 39.
Kg4 Qg1+ 40. Kh3 Qg5 41. Rf5 Qe3+ 42. Kg4 Qg1+ 43. Kf4 Qxh2+ 44. Kg5 h5 45. Kf6
Qh4+ 46. Rg5 Kd8 47. Nf5 Qf2 48. Rg8+ Kc7 49. e7 Qb6+ 50. Kf7 1-0